Standardní situace v managementu a jak je hrát praktická příručka pro řešení problémů s lidmi
Salvato in:
| Autore principale: | |
|---|---|
| Natura: | Libro |
| Lingua: | ceco |
| Pubblicazione: |
Praha
GRADA
2025
|
| Edizione: | 1. české vydání |
| Soggetti: | |
| Tags: |
Nessun Tag, puoi essere il primo ad aggiungerne!!
|
MARC
| LEADER | 00000nam a2200000 4500 | ||
|---|---|---|---|
| 001 | 0311587 | ||
| 005 | 20251124131145.4 | ||
| 020 | |a 978-80-271-5570-5 | ||
| 041 | 0 | |a cze | |
| 044 | |a CZ | ||
| 245 | 1 | 0 | |a Standardní situace v managementu a jak je hrát |b praktická příručka pro řešení problémů s lidmi |c Vojtěch Bednář |
| 250 | |a 1. české vydání | ||
| 264 | 1 | |a Praha |b GRADA |c 2025 | |
| 300 | |a 112 s. | ||
| 610 | 2 | 0 | |a manažment |
| 610 | 2 | 0 | |a riadenie |
| 610 | 2 | 0 | |a vedenie ľudí |
| 610 | 2 | 0 | |a lídri |
| 610 | 2 | 0 | |a manažéri |
| 610 | 2 | 0 | |a komunikácia manažérska |
| 610 | 2 | 0 | |a práca tímová |
| 610 | 2 | 0 | |a riadenie ľudských zdrojov |
| 610 | 2 | 0 | |a motivácia pracovná |
| 610 | 2 | 0 | |a psychológia podniková |
| 610 | 2 | 0 | |a psychológia riadenia |
| 100 | 1 | |a Bednář, Vojtěch | |